Biblioterapia : leer es sanar /

Detalles Bibliográficos
Autor principal: Ouaknin, Marc-Alain (Autor)
Otros Autores: Segovia Albán, Rafael (Traductor)
Formato: Electrónico eBook
Lenguaje:español
francés
Publicado: Ciudad de México : Océano, [2016]
Edición:Primera edición en libro electrónico.
Colección:Travesía (Editorial Océano de México)
Materias:
Acceso en línea:Digitalia Hispánica

MARC

LEADER 00000nam a2200000Ii 4500
001 DIGOCEANO0011
003 NyNyDIG
006 m o d
007 cr |||||||||||
008 240404s2016 mx ob 000 0 spa d
035 |a (OCoLC)1237403874 
040 |a DGITA  |b eng  |e rda  |e pn  |c DGITA 
020 |a 9786075271101  |q eBook 
020 |z 9786078303069 
041 1 |a spa  |h fre 
050 1 4 |a RC489.B4 ebook 
082 0 4 |a 615.8516  |2 23 
100 1 |a Ouaknin, Marc-Alain,  |e author. 
240 1 0 |a Bibliothérapie.  |l English  |s (Segovia Albán) 
245 1 0 |a Biblioterapia :  |b leer es sanar /  |c Marc-Alain Ouaknin ; traducción de Rafael Segovia Albán. 
246 3 0 |a Leer es sanar 
250 |a Primera edición en libro electrónico. 
264 1 |a Ciudad de México :  |b Océano,  |c [2016] 
300 |a 1 online resource. 
336 |a text  |b txt  |2 rdacontent 
337 |a computer  |b c  |2 rdamedia 
338 |a online resource  |b cr  |2 rdacarrier 
347 |a text file  |2 rdaft 
347 |b EPUB 
490 1 |a Travesía 
504 |a Includes bibliographical references. 
588 0 |a Online resource; title from ePub title page (Digitalia, viewed April 4, 2024) 
650 0 |a Bibliotherapy. 
700 1 |a Segovia Albán, Rafael,  |e translator. 
700 1 |i Translation of:  |a Ouaknin, Marc-Alain.  |t Bibliothérapie. 
791 2 |a Digitalia (Firm),  |e distributor. 
793 0 |g Digitalia eBook Collection:  |a Editorial Océano 
776 0 8 |i Print version:  |a Ouaknin, Marc-Alain.  |s Bibliothérapie. English (Segovia Albán).  |t Biblioterapia.  |b Primera edición.  |d Ciudad de México : Océano, [2013]  |z 9786078303069 
830 0 |a Travesía (Editorial Océano de México) 
856 4 0 |3 Digitalia Hispánica  |u https://www.digitaliapublishing.com/a/85147/ 
910 |a Premium collection: 2024